| 000 | 00554nam a2200181 a 4500 | ||
|---|---|---|---|
| 005 | 20140412111243.0 | ||
| 008 | 020603s19uu xx 00 eng d | ||
| 020 | _a0-307-13269-2 | ||
| 050 |
_aER _bPo78tw 2000 |
||
| 100 | _aBraybrooks, Ann | ||
| 245 |
_aPooh: two best buddy tales / _cby Ann Braybrooks ; illustrated by Darrell Baker. |
||
| 260 |
_aNew York : _bA Golden Book, _c2000. |
||
| 300 | _a1 v. (unp.) ; ill. | ||
| 440 | _aPooh Bedtime Stories #2 | ||
| 650 |
_aFriendship _xFiction |
||
| 650 |
_aChildren stories _xFiction |
||
| 999 |
_c102809 _d102809 |
||